000 01110cam a22003377a 4500
003 CHAP
005 20220817042554.0
008 971013s1995 r 00010 d
010 _a48493
011 _a49465
035 _a53614
040 _cCHAP
090 _aTesis
100 0 0 _aCordero Salas, Rodney.
_927965
245 1 4 _aLos sistemas silvopastoriles en la producción animal sostenible
260 _aChapingo, Méx. :
_bEl autor,
_c1995
300 _a154 h.
502 _aTesis (Ing. Agr. Esp. en Zootecnia) -- UACH. Departamento de Zootecnia
590 _aALEPH
_b10
_c20130110
_lUCH01
_h1320
590 _aBATCH-UPD
_b10
_c20130110
_lUCH01
_h1226
590 _aBATCH-UPD
_b10
_c20130410
_lUCH01
_h0758
590 _aBATCH-UPD
_b10
_c20130914
_lUCH01
_h1052
590 _aCONVERSION
_b10
_c20130109
_lUCH01
_h1326
650 1 4 _aGanadería sustentable.
650 1 4 _aGanadería y bosques.
_944886
650 1 4 _aSilvicultura sustentable.
_9106136
901 _aBK
942 _cFOLL
949 _bBC
_cTES
_d-118780
_eTS1
_h28232
_i53614
_si
949 _bBC
_cTES
_d33724000008207
_eTS2
_fc.2
_h28233
_i53614
_si
999 _c48493
_d48493